|
|
|
|
| LEADER |
02642nam a2200649 i 4500 |
| 001 |
nkc20152744177 |
| 003 |
CZ PrNK |
| 005 |
20241011113504.0 |
| 007 |
ta |
| 008 |
151203s2015 xr a f 100 0 cze |
| 015 |
|
|
|a cnb002744177
|
| 020 |
|
|
|a 978-80-7509-308-0
|q (brožováno)
|
| 035 |
|
|
|a (OCoLC)934900521
|
| 040 |
|
|
|a ABA001
|b cze
|e rda
|
| 041 |
0 |
|
|a cze
|a eng
|a slo
|b cze
|b eng
|b slo
|
| 072 |
|
7 |
|a 630
|x Lesnictví
|2 Konspekt
|9 24
|
| 080 |
|
|
|a 630
|2 MRF
|
| 080 |
|
|
|a 630.23
|2 MRF
|
| 080 |
|
|
|a 630.233
|2 MRF
|
| 080 |
|
|
|a 630.24
|2 MRF
|
| 080 |
|
|
|a 630.12
|2 MRF
|
| 080 |
|
|
|a (062.534)
|2 MRF
|
| 245 |
0 |
0 |
|a Proceedings of Central European silviculture /
|c Kateřina Houšková, Jakub Černý (eds.)
|
| 250 |
|
|
|a Vydání první
|
| 264 |
|
1 |
|a Brno :
|b Mendelova univerzita v Brně,
|c 2015
|
| 300 |
|
|
|a 221 stran :
|b ilustrace ;
|c 25 cm
|
| 336 |
|
|
|a text
|b txt
|2 rdacontent
|
| 337 |
|
|
|a bez média
|b n
|2 rdamedia
|
| 338 |
|
|
|a svazek
|b nc
|2 rdacarrier
|
| 490 |
1 |
|
|a Proceedings of Central European silviculture
|
| 500 |
|
|
|a Sborník původních vědeckých prací prezentovaných na mezinárodní vědecké konferenci v rámci různých výzkumných projektů, Křtiny 2.9.-4.9.2015
|
| 500 |
|
|
|a Nad názvem: Mendelova univerzita v Brně, Lesnická a dřevařská fakulta, Ústav zakládání a pěstění lesů
|
| 500 |
|
|
|a 100 výtisků
|
| 504 |
|
|
|a Obsahuje bibliografie
|
| 546 |
|
|
|a Český, anglický a slovenský text, česká, anglická a slovenská resumé
|
| 650 |
0 |
7 |
|a lesní hospodářství
|7 ph115114
|2 czenas
|
| 650 |
0 |
7 |
|a obnova lesních porostů
|7 ph136605
|2 czenas
|
| 650 |
0 |
7 |
|a zalesňování
|7 ph127531
|2 czenas
|
| 650 |
0 |
7 |
|a výchova lesních porostů
|7 ph135508
|2 czenas
|
| 650 |
0 |
7 |
|a biologie lesa
|7 ph118909
|2 czenas
|
| 650 |
0 |
9 |
|a forest management
|2 eczenas
|
| 650 |
0 |
9 |
|a afforestation
|2 eczenas
|
| 650 |
0 |
9 |
|a reforestation
|2 eczenas
|
| 650 |
0 |
9 |
|a forest stand tending
|2 eczenas
|
| 650 |
0 |
9 |
|a forest biology
|2 eczenas
|
| 655 |
|
7 |
|a sborníky konferencí
|7 fd133333
|2 czenas
|
| 655 |
|
9 |
|a proceedings of conferences
|2 eczenas
|
| 700 |
1 |
|
|a Houšková, Kateřina
|7 jx20111110014
|4 edt
|
| 700 |
1 |
|
|a Černý, Jakub
|4 edt
|
| 710 |
2 |
|
|a Mendelova univerzita.
|b Ústav zakládání a pěstění lesů
|7 pna2010605612
|4 isb
|
| 830 |
|
0 |
|a Proceedings of Central European silviculture
|0 s
|
| 910 |
2 |
|
|a BOA001
|b 2-1358.194
|
| 990 |
|
|
|a BK
|
| 995 |
|
|
|a 01
|
| 991 |
|
|
|b 201601
|c NOV
|
| 996 |
6 |
|
|b 2610652337
|c 2-1358.194
|l MZK
|r Sklad / do 1 hodiny
|n 0
|p p.v.
|w 001534668
|u 000010
|a 1
|e BOA001
|j MZK50
|s P
|
| 996 |
7 |
|
|b 2610652338
|c 2-1358.194
|l MZK
|r Sklad / do 1 hodiny
|n 0
|p p.v.
|w 001534668
|u 000020
|a 1
|e BOA001
|j MZK50
|s A
|